|
|
|
|
| LEADER |
00000nam a22000007a 4500 |
| 003 |
cru CIDCACS/IIS |
| 005 |
20180915062530.0 |
| 008 |
180914b1987 cr ||||| |||| 00| 0 spa d |
| 999 |
|
|
|c 41695
|d 41695
|
| 040 |
|
|
|c cru CIDCACS/IIS
|
| 090 |
|
4 |
|a REV0750 (14) 1987
|
| 100 |
1 |
|
|9 277
|a Santa Ana, Julio de
|
| 110 |
2 |
|
|9 7636
|a Departamento Ecuménico de Investigaciones (DEI)
|
| 245 |
1 |
6 |
|a Sobre teología y modernidad
|c Julio de Santa Ana
|
| 260 |
|
|
|a San josé, Costa Rica
|b DEI
|c 1987
|
| 300 |
|
|
|a 1-14 páginas
|
| 650 |
1 |
0 |
|a TEOLOGIA
|9 4606
|
| 650 |
1 |
7 |
|2 Macrotesauro OCDE
|9 1001
|a MODERNIDAD
|
| 650 |
1 |
0 |
|9 943
|a BURGUESIA
|
| 773 |
0 |
|
|0 41641
|9 2255
|a Departamento Ecuménico de Investigaciones (DEI)
|d San José, Costa Rica Departamento Ecuménico de Investigaciones (DEI)
|o 20042
|t Pasos /
|
| 942 |
|
|
|2 ddc
|c PP
|